BUDGET TOOLS FINANCIAL METHODS IN THE PU (Record no. 19714)

MARC details
000 -LEADER
fixed length control field 00346nam a2200133Ia 4500
008 - FIXED-LENGTH DATA ELEMENTS--GENERAL INFORMATION
fixed length control field 240624s9999 xx 000 0 und d
041 ## - LANGUAGE CODE
Language code of text/sound track or separate title eng
082 ## - DEWEY DECIMAL CLASSIFICATION NUMBER
Classification number 352.48 CHE
100 ## - MAIN ENTRY--PERSONAL NAME
Personal name CHEN GREG G
245 ## - TITLE STATEMENT
Title BUDGET TOOLS FINANCIAL METHODS IN THE PU
260 ## - PUBLICATION, DISTRIBUTION, ETC.
Date of publication, distribution, etc. 2009
Place of publication, distribution, etc. Washington
Name of publisher, distributor, etc. CQ Press
300 ## - PHYSICAL DESCRIPTION
Extent xi, : 276 : p. : cm. ; 23
365 ## - TRADE PRICE
Currency code
Price amount 30
Holdings
Withdrawn status Lost status Damaged status Not for loan Home library Current library Shelving location Date acquired Source of acquisition Cost, normal purchase price Full call number Barcode Date last seen Copy number Price effective from Koha item type
        IMTN IMTN Rack 15-A 09/27/2012 WBD 49.00 352.48 CHE 19714 06/24/2024 58.6 06/24/2024 Books
Designed & Maintained by: LRC IMT Nagpur Contact: lrc@imtnag.ac.in© 2024. All Rights Reserved.